Porovnateľnosť účtovníctva pri uplatňovaní IAS 16 v SR

V súlade s právnymi predpismi pre účtovné výkazníctvo, niektoré účtovné jednotky musia zostavovať účtovnú závierku v súlade s IFRS. Jedným z cieľov použitia IFRS je zvýšenie porovnateľnosti vykazovaných údajov. Na zákalde analýzy 145 účtovných závierok zostavených za rok 2013 je možné skonštatovať z...

Descripción completa

Guardado en:
Detalles Bibliográficos
Autor principal: Tumpach, Miloš, 1970-
Formato: Capítulo de libro
Lenguaje:eslovaco
Materias:
Etiquetas: Agregar Etiqueta
Sin Etiquetas, Sea el primero en etiquetar este registro!

MARC

LEADER 00000naa$a2200000$$$4500
001 0207939
005 20240502073447.1
041 0 |a slo 
044 |a SK 
245 1 0 |a Porovnateľnosť účtovníctva pri uplatňovaní IAS 16 v SR  |c Miloš Tumpach 
520 |a V súlade s právnymi predpismi pre účtovné výkazníctvo, niektoré účtovné jednotky musia zostavovať účtovnú závierku v súlade s IFRS. Jedným z cieľov použitia IFRS je zvýšenie porovnateľnosti vykazovaných údajov. Na zákalde analýzy 145 účtovných závierok zostavených za rok 2013 je možné skonštatovať značné rozdiely aj v oblastiach, ktoré v prípade národných štandardov k rozdielom nevedú. 
610 2 0 |a účtovníctvo 
610 2 0 |a závierka účtovná 
610 2 0 |a štandardy účtovné medzinárodné 
100 1 |a Tumpach, Miloš, 1970-